Environmental effects of weapons technology /

Bibliographic Details
Other Authors: McClintock, Michael
Format: Book
Language:English
Published: New York, N.Y. : Scientists' Institute for Public Information, [1970]
Series:Scientists' Institute for Public Information workbook.
Subjects:

MARC

Tag First Indicator Second Indicator Subfields
LEADER 00000cam a2200000 a 4500
001 in00000074786
005 20151008054759.0
008 700626s1970 nyub b 00000 engm
010 |a  70013699  
020 |c 1.00 
035 |a (OCoLC)00081411 
035 |9 AAJ1659AM 
040 |a DLC  |c DLC  |d m.c.  |d TXA  |d UtOrBLW 
049 |a TXAM  |c [1406762] 
050 0 0 |a UG447.8  |b .E57 
082 0 |a 358/.3/08 
245 0 0 |a Environmental effects of weapons technology /  |c [compiled by] Michael McClintock [and others]. 
264 1 |a New York, N.Y. :  |b Scientists' Institute for Public Information,  |c [1970] 
264 4 |c ©1970 
300 |a 32 pages :  |b map ;  |c 28 cm. 
336 |a text  |b txt  |2 rdacontent 
337 |a unmediated  |b n  |2 rdamedia 
338 |a volume  |b nc  |2 rdacarrier 
490 1 |a A Scientists' Institute for Public Information workbook 
500 |a Cover title. 
504 |a Includes bibliographical references. 
650 0 |a Chemical warfare. 
650 0 |a Biological warfare. 
650 0 |a Nuclear warfare. 
700 1 |a McClintock, Michael. 
830 0 |a Scientists' Institute for Public Information workbook. 
999 |a MARS 
999 f f |s a1427121-0123-328f-9d8c-ec8a0100cef8  |i 0f4fe0e1-90d8-359d-8c8e-8d20bd7f1b43  |t 0 
952 f f |p ric  |a Texas A&M University  |b Rellis Campus  |c Joint Library Facility  |d Remote Storage  |t 0  |e UG447.8 .E57  |h Library of Congress classification  |i unmediated -- volume  |m A14806261318 
998 f f |a UG447.8 .E57  |t 0  |l Remote Storage